[Event "Oberliga NRW 1920"]
[Site "Germany"]
[Date "2019.12.15"]
[Round "4.8"]
[White "Borchert, Andreas"]
[Black "Zeldin, Vitali"]
[Result "1/2-1/2"]
[WhiteElo "1935"]
[BlackElo "1946"]
[PlyCount "30"]
[EventDate "2019.09.15"]
[EventType "team-tourn"]
[EventRounds "9"]
[EventCountry "GER"]
[SourceTitle "EXT 2022"]
[Source "ChessBase"]
[SourceDate "2021.10.06"]
[SourceVersion "1"]
[SourceVersionDate "2021.10.06"]
[SourceQuality "1"]
[WhiteTeam "Dinslaken"]
[BlackTeam "Bochum SG"]
[WhiteTeamCountry "GER"]
[BlackTeamCountry "GER"]

1. e4 c5 2. c3 d6 3. Nf3 Nf6 4. Bb5+ Bd7 5. Bxd7+ Nbxd7 6. d3 g6 7. 0-0 Bg7 8. Re1 0-0 9. Nbd2 b5 10. Nf1 h6 11. h3 Nb6 12. Qc2 Nfd7 13. Bd2 e6 14. Rad1 Rc8 15. Bf4 e5 1/2-1/2

[Event "Ruhrgebiet Verbandsliga Gruppe 2 1718"]
[Site "Germany"]
[Date "2017.12.03"]
[Round "4.6"]
[White "Parado, Dominado"]
[Black "Zeldin, Vitali"]
[Result "0-1"]
[WhiteElo "1930"]
[BlackElo "1970"]
[PlyCount "104"]
[EventDate "2017.09.17"]
[EventType "team-tourn"]
[EventRounds "9"]
[EventCountry "GER"]
[SourceTitle "EXT 2022"]
[Source "ChessBase"]
[SourceDate "2021.10.06"]
[SourceVersion "1"]
[SourceVersionDate "2021.10.06"]
[SourceQuality "1"]
[WhiteTeam "Recklinghausen Sued"]
[BlackTeam "Bochum SG III"]
[WhiteTeamCountry "GER"]
[BlackTeamCountry "GER"]

1. Nf3 c5 2. c4 Nc6 3. Nc3 d6 4. e3 g6 5. b3 Bg7 6. Bb2 Nf6 7. Nd5 e6 8. Nxf6+ Bxf6 9. Bxf6 Qxf6 10. Be2 0-0 11. Rc1 e5 12. d3 Qe7 13. h4 h6 14. Qd2 Rd8 15. e4 Kg7 16. Nh2 Qxh4 17. g3 Qg5 18. Qb2 Nd4 19. Nf3 Nxf3+ 20. Bxf3 h5 21. Ke2 Bg4 22. Rh4 Bxf3+ 23. Kxf3 f5 24. exf5 Qxf5+ 25. Kg2 Qxd3 26. Rc3 Qf5 27. Rf3 Qe6 28. g4 g5 29. Qd2 gxh4 30. Qg5+ Qg6 31. Qe7+ Kh8 32. Rf6 Qxg4+ 33. Kh2 Qg7 34. Qe6 Rf8 35. Rh6+ Qh7 36. Qxd6 Rae8 37. Rxh7+ Kxh7 38. Qxc5 Rf7 39. Qe3 Rg7 40. Qe4+ Kh6 41. Qe3+ Rg5 42. Kh3 Rf8 43. c5 Rf4 44. a3 Rgf5 45. b4 Kg6 46. Kg2 Rxf2+ 47. Qxf2 Rxf2+ 48. Kxf2 Kf5 49. b5 e4 50. a4 h3 51. a5 e3+ 52. Kxe3 h2 0-1

[Event "Ruhrgebiet Verbandsliga Gruppe 2 1617"]
[Site "Germany"]
[Date "2017.03.12"]
[Round "8.6"]
[White "Gajda, Peter"]
[Black "Zeldin, Vitali"]
[Result "1-0"]
[WhiteElo "1797"]
[BlackElo "1996"]
[PlyCount "65"]
[EventDate "2016.09.04"]
[EventType "team-tourn"]
[EventRounds "9"]
[EventCountry "GER"]
[SourceTitle "EXT 2022"]
[Source "ChessBase"]
[SourceDate "2021.10.06"]
[SourceVersion "1"]
[SourceVersionDate "2021.10.06"]
[SourceQuality "1"]
[WhiteTeam "Kirchhellen SF"]
[BlackTeam "Bochum SG III"]
[WhiteTeamCountry "GER"]
[BlackTeamCountry "GER"]

1. d4 Nf6 2. Nf3 e6 3. g3 d5 4. Bg2 c5 5. 0-0 Nc6 6. b3 Be7 7. Bb2 0-0 8. e3 Ne4 9. Nbd2 f5 10. Ne5 cxd4 11. Nxc6 bxc6 12. Nxe4 fxe4 13. Bxd4 Qc7 14. Qh5 Bf6 15. Bxf6 Rxf6 16. Qe8+ Rf8 17. Qh5 Ba6 18. Rfd1 Rf5 19. Qg4 Qf7 20. Rd2 Rf8 21. c4 Rxf2 22. Rad1 Bc8 23. Qg5 Rf5 24. Qg4 e5 25. Qe2 Rg5 26. Rf1 Qe6 27. Rxf8+ Kxf8 28. cxd5 cxd5 29. Qb5 Ba6 30. Rf2+ Ke7 31. Qc5+ Kd7 32. Bh3 Qxh3 33. Rf7+ 1-0

[Event "Ruhrgebiet Verbandsliga Gruppe 2 1617"]
[Site "Germany"]
[Date "2016.09.04"]
[Round "1.6"]
[White "Zeldin, Vitali"]
[Black "Volbracht, Michael"]
[Result "1-0"]
[WhiteElo "1996"]
[BlackElo "1731"]
[PlyCount "105"]
[EventDate "2016.09.04"]
[EventType "team-tourn"]
[EventRounds "9"]
[EventCountry "GER"]
[SourceTitle "EXT 2022"]
[Source "ChessBase"]
[SourceDate "2021.10.06"]
[SourceVersion "1"]
[SourceVersionDate "2021.10.06"]
[SourceQuality "1"]
[WhiteTeam "Bochum SG III"]
[BlackTeam "Welper SV II"]
[WhiteTeamCountry "GER"]
[BlackTeamCountry "GER"]

1. e4 Nf6 2. e5 Nd5 3. c4 Nb6 4. d4 d6 5. exd6 exd6 6. Nf3 Bg4 7. b3 Nc6 8. Be2 Be7 9. Be3 0-0 10. 0-0 Bf6 11. Nc3 d5 12. c5 Nc8 13. h3 Be6 14. Qd2 N8e7 15. g4 Ng6 16. Ng5 Qd7 17. Rad1 a6 18. Bf3 Rad8 19. Rfe1 Nh4 20. Bh1 Bxg4 21. hxg4 Qxg4+ 22. Kh2 Nxd4 23. Rg1 Ndf3+ 24. Bxf3 Nxf3+ 25. Nxf3 Qxf3 26. Bd4 Qh5+ 27. Kg2 Qg4+ 28. Kf1 Qxd4 29. Qxd4 Bxd4 30. Rxd4 c6 31. Rg3 Rfe8 32. Re3 Re6 33. Ne2 Rde8 34. Rb4 R8e7 35. Nd4 Rxe3 36. fxe3 g6 37. Kf2 f5 38. Rb6 Kf7 39. b4 Ke8 40. a3 Kd8 41. Nxc6+ bxc6 42. Rxc6 Ra7 43. Rd6+ Kc7 44. Rxd5 Kc6 45. Rd6+ Kb5 46. Rb6+ Ka4 47. c6 Kxa3 48. Rxa6+ Rxa6 49. b5 Rb6 50. c7 Rxb5 51. c8Q Rb4 52. Qf8 Ka4 53. Qa8+ 1-0

[Event "Ruhrgebiet Verbandsliga Gruppe 1 1516"]
[Site "Germany"]
[Date "2016.03.20"]
[Round "8.7"]
[White "Zeldin, Vitali"]
[Black "Borger, Alexander"]
[Result "1-0"]
[WhiteElo "1986"]
[BlackElo "1933"]
[PlyCount "71"]
[EventDate "2015.09.06"]
[EventType "team-tourn"]
[EventRounds "9"]
[EventCountry "GER"]
[SourceTitle "EXT 2022"]
[Source "ChessBase"]
[SourceDate "2021.10.06"]
[SourceVersion "1"]
[SourceVersionDate "2021.10.06"]
[SourceQuality "1"]
[WhiteTeam "Bochum SG III"]
[BlackTeam "Steele/Kray Rochade"]
[WhiteTeamCountry "GER"]
[BlackTeamCountry "GER"]

1. e4 c5 2. Nf3 e6 3. d4 cxd4 4. Nxd4 Nc6 5. Nxc6 bxc6 6. Bd3 d5 7. 0-0 Nf6 8. e5 Nd7 9. Re1 Qc7 10. Bf4 Be7 11. Qg4 g6 12. Nd2 Bb7 13. Nf3 0-0-0 14. Rac1 h5 15. Qh3 c5 16. c3 Kb8 17. Bb5 Bc6 18. Bxc6 Qxc6 19. Bg5 Bxg5 20. Nxg5 Rhf8 21. Rcd1 Qc7 22. Qg3 c4 23. b3 Nb6 24. Rd4 Rfe8 25. h4 Re7 26. Qf3 a5 27. Qe3 Rdd7 28. Rb1 Kc8 29. Nf3 Qc6 30. Nd2 Rb7 31. Rd1 Red7 32. bxc4 dxc4 33. Ne4 Rxd4 34. Rxd4 Nd5 35. Qh6 Rc7 36. Rxc4 1-0

[Event "Ruhrgebiet Verbandsliga Gruppe 1 1516"]
[Site "Germany"]
[Date "2015.11.29"]
[Round "4.7"]
[White "Huettemann, Karl Heinz"]
[Black "Zeldin, Vitali"]
[Result "1/2-1/2"]
[WhiteElo "2064"]
[BlackElo "1986"]
[PlyCount "29"]
[EventDate "2015.09.06"]
[EventType "team-tourn"]
[EventRounds "9"]
[EventCountry "GER"]
[SourceTitle "EXT 2022"]
[Source "ChessBase"]
[SourceDate "2021.10.06"]
[SourceVersion "1"]
[SourceVersionDate "2021.10.06"]
[SourceQuality "1"]
[WhiteTeam "Dortmund SV"]
[BlackTeam "Bochum SG III"]
[WhiteTeamCountry "GER"]
[BlackTeamCountry "GER"]

1. c4 c5 2. Nf3 Nc6 3. d4 cxd4 4. Nxd4 g6 5. e4 Bg7 6. Be3 d6 7. Nc3 Nf6 8. Be2 0-0 9. Qd2 Bd7 10. 0-0 Rc8 11. f3 a6 12. Rfd1 Nxd4 13. Bxd4 Be6 14. b3 Nd7 15. Rac1 1/2-1/2

[Event "Ruhrgebiet Verbandsliga Gruppe 2 1415"]
[Site "Germany"]
[Date "2014.12.14"]
[Round "4.8"]
[White "Zeldin, Vitali"]
[Black "Ries, Benjamin"]
[Result "1-0"]
[WhiteElo "1951"]
[BlackElo "1977"]
[PlyCount "75"]
[EventDate "2014.09.21"]
[EventType "team-tourn"]
[EventRounds "9"]
[EventCountry "GER"]
[SourceTitle "EXT 2022"]
[Source "ChessBase"]
[SourceDate "2021.10.06"]
[SourceVersion "1"]
[SourceVersionDate "2021.10.06"]
[SourceQuality "1"]
[WhiteTeam "Bochum SG III"]
[BlackTeam "Brackel SF II"]
[WhiteTeamCountry "GER"]
[BlackTeamCountry "GER"]

1. e4 c6 2. d4 d5 3. Nc3 dxe4 4. Nxe4 Nd7 5. Nf3 Ngf6 6. Ng3 e6 7. Bd3 c5 8. c3 Qc7 9. 0-0 c4 10. Be2 Bd6 11. Nd2 Nb6 12. Nxc4 Nxc4 13. Qa4+ Bd7 14. Qxc4 Bc6 15. Re1 h5 16. Bf3 h4 17. Bxc6+ bxc6 18. Nf1 Kd7 19. h3 g5 20. Bxg5 Nd5 21. Nd2 Rag8 22. Nf3 Rh5 23. Bd2 Bf4 24. Qe2 Bxd2 25. Qxd2 Qf4 26. Qxf4 Nxf4 27. Re4 Nxh3+ 28. Kf1 f5 29. Rxh4 Rxh4 30. Nxh4 Nf4 31. g3 Nd5 32. c4 Nf6 33. Ke2 Rg4 34. Nf3 Kd6 35. Rh1 Re4+ 36. Kd3 Ng4 37. Rf1 a5 38. Nd2 1-0

[Event "NRW Verbandsliga Group2 1314"]
[Site "Nordrheinwestfalen"]
[Date "2014.03.09"]
[Round "8.6"]
[White "Zeldin, Vitali"]
[Black "Kallies, Christian"]
[Result "1-0"]
[WhiteElo "1957"]
[BlackElo "1752"]
[PlyCount "43"]
[EventDate "2013.09.08"]
[EventType "team-tourn"]
[EventRounds "9"]
[EventCountry "GER"]
[SourceTitle "EXT 2020"]
[Source "ChessBase"]
[SourceDate "2019.10.17"]
[SourceVersion "1"]
[SourceVersionDate "2019.10.17"]
[SourceQuality "1"]
[WhiteTeam "Bochum SG III"]
[BlackTeam "Recklinghausen Laeufer Ost"]
[WhiteTeamCountry "GER"]
[BlackTeamCountry "GER"]

1. e4 e6 2. d4 d5 3. e5 c5 4. Qg4 cxd4 5. Nf3 Nc6 6. Bd3 Qc7 7. Qg3 Nge7 8. 0-0 Ng6 9. Re1 Bb4 10. Nbd2 Bd7 11. a3 Be7 12. b4 a6 13. h4 f5 14. h5 f4 15. Qg4 Ncxe5 16. Nxe5 Nxe5 17. Qxg7 Nxd3 18. Qxh8+ Bf8 19. cxd3 0-0-0 20. Qxd4 Kb8 21. Nf3 Bd6 22. Ne5 1-0

[Event "Ruhrgebiet Verbandsliga2 1213"]
[Site "Nordrheinwestfalen"]
[Date "2012.12.02"]
[Round "4.5"]
[White "Zeldin, Vitali"]
[Black "Butschek, Tanja"]
[Result "0-1"]
[WhiteElo "2002"]
[BlackElo "1871"]
[PlyCount "52"]
[EventDate "2012.09.02"]
[EventType "team-tourn"]
[EventRounds "9"]
[EventCountry "GER"]
[SourceTitle "EXT 2020"]
[Source "ChessBase"]
[SourceDate "2019.10.17"]
[SourceVersion "1"]
[SourceVersionDate "2019.10.17"]
[SourceQuality "1"]
[WhiteTeam "Bochum SG III"]
[BlackTeam "Muelheim Nord III"]
[WhiteTeamCountry "GER"]
[BlackTeamCountry "GER"]

1. e4 c5 2. Nf3 e6 3. d4 cxd4 4. Nxd4 Nf6 5. Bd3 Nc6 6. Nxc6 bxc6 7. c4 Qc7 8. 0-0 d5 9. cxd5 cxd5 10. Nc3 dxe4 11. Nxe4 Be7 12. Qf3 Bb7 13. Bf4 Qb6 14. Be3 Qb4 15. Nxf6+ Bxf6 16. Qh5 Bd5 17. Rac1 g6 18. Qh6 Bxb2 19. Rc7 Be5 20. Rxa7 Rxa7 21. Bxa7 Qb7 22. Qe3 Bb8 23. Rb1 Qxa7 24. Bb5+ Ke7 25. Qg5+ f6 26. Qh6 Kf7 0-1

[Event "Ruhrgebiet Verbandsliga2 1213"]
[Site "Nordrheinwestfalen"]
[Date "2012.09.30"]
[Round "2.6"]
[White "Gross, Thomas"]
[Black "Zeldin, Vitali"]
[Result "1/2-1/2"]
[WhiteElo "1898"]
[BlackElo "2002"]
[PlyCount "24"]
[EventDate "2012.09.02"]
[EventType "team-tourn"]
[EventRounds "9"]
[EventCountry "GER"]
[SourceTitle "EXT 2020"]
[Source "ChessBase"]
[SourceDate "2019.10.17"]
[SourceVersion "1"]
[SourceVersionDate "2019.10.17"]
[SourceQuality "1"]
[WhiteTeam "Oberhausen SV II"]
[BlackTeam "Bochum SG III"]
[WhiteTeamCountry "GER"]
[BlackTeamCountry "GER"]

1. Nf3 c5 2. c4 g6 3. e4 d6 4. d4 cxd4 5. Nxd4 Bg7 6. Be3 Nf6 7. Nc3 0-0 8. Be2 Nc6 9. Qd2 Ng4 10. Bxg4 Bxg4 11. f3 Bd7 12. 0-0 a6 1/2-1/2

[Event "Ruhrgebiet Regionalliga 1011"]
[Site "Nordrheinwestfalen"]
[Date "2011.02.13"]
[Round "6.6"]
[White "Zeldin, Vitali"]
[Black "Rohel, Markus"]
[Result "0-1"]
[WhiteElo "1946"]
[BlackElo "2009"]
[PlyCount "124"]
[EventDate "2010.09.19"]
[EventType "team-tourn"]
[EventRounds "9"]
[EventCountry "GER"]
[SourceTitle "EXT 2020"]
[Source "ChessBase"]
[SourceDate "2019.10.17"]
[SourceVersion "1"]
[SourceVersionDate "2019.10.17"]
[SourceQuality "1"]
[WhiteTeam "Bochum SG III"]
[BlackTeam "Oberhausen SV II"]
[WhiteTeamCountry "GER"]
[BlackTeamCountry "GER"]

1. e4 c5 2. Nf3 d6 3. Bb5+ Bd7 4. Bxd7+ Qxd7 5. 0-0 Nc6 6. c3 Nf6 7. Re1 e5 8. d4 Be7 9. d5 Nb8 10. Nbd2 0-0 11. Nf1 Qd8 12. Ng3 g6 13. h3 Ne8 14. Bh6 Ng7 15. Qd2 f5 16. exf5 gxf5 17. Ng5 Bxg5 18. Bxg5 Qe8 19. a4 Nd7 20. f4 e4 21. Re3 Nb6 22. b3 c4 23. a5 Nd7 24. b4 b6 25. Ne2 Qf7 26. Bh6 Kh8 27. Rg3 Rg8 28. Qd4 b5 29. Bxg7+ Rxg7 30. Qxg7+ Qxg7 31. Rxg7 Kxg7 32. Nd4 Kf6 33. Nxb5 Ke7 34. Nd4 Kf6 35. Rd1 Nf8 36. Nc6 Ng6 37. g3 Ne7 38. Rd4 Nxc6 39. dxc6 Ke6 40. g4 d5 41. Kf2 Kd6 42. Rd1 Kxc6 43. Ke3 Kd6 44. Rg1 Rg8 45. g5 Kc6 46. h4 Kb5 47. h5 Ka4 48. Kd4 Kb3 49. g6 hxg6 50. hxg6 e3 51. Kxe3 Kxc3 52. b5 d4+ 53. Kf3 d3 54. b6 axb6 55. axb6 d2 56. b7 Kc2 57. Ke3 d1Q 58. Rxd1 Kxd1 59. Kd4 Ke2 60. Kxc4 Ke3 61. Kd5 Kxf4 62. g7 Kg5 0-1

[Event "Ruhrgebiet Regionalliga 1011"]
[Site "Nordrheinwestfalen"]
[Date "2010.12.12"]
[Round "4.6"]
[White "Jacubowski, Andreas"]
[Black "Zeldin, Vitali"]
[Result "0-1"]
[WhiteElo "1942"]
[BlackElo "1946"]
[PlyCount "50"]
[EventDate "2010.09.19"]
[EventType "team-tourn"]
[EventRounds "9"]
[EventCountry "GER"]
[SourceTitle "EXT 2020"]
[Source "ChessBase"]
[SourceDate "2019.10.17"]
[SourceVersion "1"]
[SourceVersionDate "2019.10.17"]
[SourceQuality "1"]
[WhiteTeam "Horst Emscher"]
[BlackTeam "Bochum SG III"]
[WhiteTeamCountry "GER"]
[BlackTeamCountry "GER"]

1. e4 c5 2. Nf3 d6 3. d4 cxd4 4. Nxd4 Nf6 5. Nc3 g6 6. Be3 Bg7 7. f3 0-0 8. Qd2 Nc6 9. 0-0-0 d5 10. Qe1 e5 11. Nxc6 bxc6 12. Bc5 Re8 13. Kb1 Qa5 14. Ba3 Kh8 15. exd5 cxd5 16. Nb5 Qb6 17. Nd6 Rf8 18. Nxc8 Rfxc8 19. Qh4 Rab8 20. b3 d4 21. Bd3 Nd5 22. Bb2 a5 23. Rhe1 a4 24. Rc1 Qa5 25. Be4 Nc3+ 0-1

[Event "Ruhrgebiet Regionalliga 1011"]
[Site "Nordrheinwestfalen"]
[Date "2010.10.31"]
[Round "2.7"]
[White "Zeldin, Vitali"]
[Black "Boehm, Malte"]
[Result "1/2-1/2"]
[WhiteElo "1946"]
[BlackElo "1933"]
[PlyCount "82"]
[EventDate "2010.09.19"]
[EventType "team-tourn"]
[EventRounds "9"]
[EventCountry "GER"]
[SourceTitle "EXT 2020"]
[Source "ChessBase"]
[SourceDate "2019.10.17"]
[SourceVersion "1"]
[SourceVersionDate "2019.10.17"]
[SourceQuality "1"]
[WhiteTeam "Bochum SG III"]
[BlackTeam "Brackel SF"]
[WhiteTeamCountry "GER"]
[BlackTeamCountry "GER"]

1. e4 c5 2. Nf3 Nc6 3. Bb5 Nd4 4. Nxd4 cxd4 5. 0-0 e6 6. d3 Nf6 7. f4 a6 8. Ba4 b5 9. Bb3 d6 10. Nd2 Be7 11. Nf3 Qb6 12. Qe1 Bb7 13. h3 d5 14. e5 Nd7 15. Kh1 Nc5 16. Bd2 a5 17. a3 0-0 18. Qf2 Nxb3 19. cxb3 b4 20. Nxd4 Ba6 21. Be3 Bc5 22. Rfd1 bxa3 23. bxa3 Bxd4 24. Bxd4 Qxb3 25. f5 Bxd3 26. f6 Bf5 27. Re1 Rfc8 28. Re3 Qa4 29. Rg3 Bg6 30. Rf1 Qc2 31. fxg7 Qxf2 32. Rxf2 Kxg7 33. Rb2 Rab8 34. Rxb8 Rxb8 35. Bc5 f6 36. Bd6 Rb1+ 37. Kh2 Re1 38. exf6+ Kxf6 39. Rf3+ Kg7 40. Bf8+ Kg8 41. Bh6 Bf7 1/2-1/2

[Event "Ruhrgebiet VK1 0708"]
[Site "Germany"]
[Date "2008.04.06"]
[Round "8.4"]
[White "Chan, Allan"]
[Black "Zeldin, Vitali"]
[Result "0-1"]
[WhiteElo "2022"]
[BlackElo "2137"]
[PlyCount "106"]
[EventDate "2007.09.16"]
[EventType "team"]
[EventRounds "9"]
[EventCountry "GER"]
[SourceTitle "EXT 2009"]
[Source "ChessBase"]
[SourceDate "2008.11.26"]
[SourceVersion "1"]
[SourceVersionDate "2008.11.26"]
[SourceQuality "1"]
[WhiteTeam "Oberhausen II"]
[BlackTeam "Brackel III"]
[WhiteTeamCountry "GER"]
[BlackTeamCountry "GER"]

1. c4 Nf6 2. Nc3 e6 3. e4 d5 4. e5 Nfd7 5. cxd5 Nxe5 6. d4 Ng6 7. Bb5+ c6 8. dxc6 bxc6 9. Ba4 Be7 10. Nf3 Ba6 11. Bd2 0-0 12. Ne2 Qb6 13. Bc3 Nd7 14. 0-0 Nf6 15. Re1 Rfd8 16. Qb3 Qc7 17. Rad1 Nd5 18. Qc2 Rac8 19. Ne5 Nxe5 20. dxe5 c5 21. Qe4 Bb7 22. Bc2 g6 23. Qg4 Nxc3 24. Nxc3 Rxd1 25. Bxd1 Rd8 26. Bf3 Rd4 27. Qh3 Qb6 28. Bxb7 Qxb7 29. b3 Bg5 30. Nb1 Qb4 31. Rf1 Bf4 32. Qf3 Kg7 33. g3 Bxe5 34. h4 h5 35. Nc3 Rg4 36. Ne2 Qd2 37. Kg2 a5 38. Kh3 a4 39. Rc1 c4 40. bxc4 Qxa2 41. Rd1 Rxc4 42. Rd7 Bf6 43. Nf4 Rd4 44. Rc7 e5 45. Nxh5+ gxh5 46. Rc6 Be7 47. Qxh5 f6 48. f4 Qd5 49. Qg4+ Kf8 50. Qc8+ Kf7 51. Rc7 exf4 52. Qh8 Qh1+ 53. Kg4 fxg3+ 0-1

[Event "Ruhrgebiet VK1 0708"]
[Site "Germany"]
[Date "2007.11.18"]
[Round "3.4"]
[White "Kotlar, Alfred"]
[Black "Zeldin, Vitali"]
[Result "0-1"]
[WhiteElo "2119"]
[BlackElo "2137"]
[PlyCount "82"]
[EventDate "2007.09.16"]
[EventType "team"]
[EventRounds "9"]
[EventCountry "GER"]
[SourceTitle "EXT 2009"]
[Source "ChessBase"]
[SourceDate "2008.11.26"]
[SourceVersion "1"]
[SourceVersionDate "2008.11.26"]
[SourceQuality "1"]
[WhiteTeam "Altstadt RE"]
[BlackTeam "Brackel III"]
[WhiteTeamCountry "GER"]
[BlackTeamCountry "GER"]

1. d4 Nf6 2. Nf3 e6 3. Bf4 d5 4. e3 Be7 5. h3 0-0 6. Bd3 c5 7. c3 Nc6 8. Nbd2 cxd4 9. exd4 Bd7 10. 0-0 Rc8 11. Re1 a6 12. Rc1 b5 13. a3 Na5 14. b4 Nc4 15. Nxc4 dxc4 16. Bb1 Bc6 17. Ne5 Bb7 18. Ng4 Nd5 19. Bd2 Bg5 20. Qc2 g6 21. Bxg5 Qxg5 22. Re5 Qh4 23. Qd2 f5 24. Ne3 Qg5 25. f3 Nf4 26. Kh2 Rfe8 27. Re1 Kf7 28. Nf1 Qh4 29. Qd1 Nxh3 30. g3 Qh5 31. Kg2 Ng5 32. Nd2 Qh3+ 33. Kf2 Qh2+ 34. Ke3 Qxg3 35. Rf1 Nh3 36. Qe1 Qh2 37. f4 g5 38. d5 Bxd5 39. Kd4 Red8 40. Rxf5+ exf5 41. Bxf5 Bb7+ 0-1

[Event "Duisburg Grossenbaum op"]
[Site "Duisburg"]
[Date "2006.06.03"]
[Round "2"]
[White "Heinrichs, Ralf"]
[Black "Zeldin, Vitali"]
[Result "0-1"]
[WhiteElo "1630"]
[BlackElo "1888"]
[PlyCount "60"]
[EventDate "2006.06.02"]
[EventType "swiss"]
[EventRounds "7"]
[EventCountry "GER"]
[SourceTitle "EXT 2007"]
[Source "ChessBase"]
[SourceDate "2006.11.23"]
[SourceVersion "1"]
[SourceVersionDate "2006.11.23"]
[SourceQuality "1"]

1. b3 d5 2. Nf3 Bg4 3. e3 Nd7 4. Ba3 g6 5. c4 Bg7 6. d4 Ngf6 7. Be2 c6 8. h3 Bf5 9. 0-0 0-0 10. Nbd2 Re8 11. Nh4 Be6 12. f4 Qa5 13. Qc1 Nf8 14. f5 Bd7 15. fxg6 hxg6 16. Bd3 e5 17. Bxf8 Kxf8 18. dxe5 Rxe5 19. Rxf6 Bxf6 20. Bxg6 Bxh4 21. Qf1 Re7 22. Nf3 Bf6 23. Rd1 fxg6 24. Nd4 Kg7 25. Qf4 Qc3 26. Kh1 Qxe3 27. Qd6 Qe1+ 28. Rxe1 Rxe1+ 29. Kh2 Be5+ 30. Qxe5+ Rxe5 0-1

[Event "Duisburg Grossenbaum op"]
[Site "Duisburg"]
[Date "2006.06.03"]
[Round "3"]
[White "Zeldin, Vitali"]
[Black "Kaufeld, Juergen"]
[Result "0-1"]
[WhiteElo "1888"]
[BlackElo "2261"]
[PlyCount "94"]
[EventDate "2006.06.02"]
[EventType "swiss"]
[EventRounds "7"]
[EventCountry "GER"]
[SourceTitle "EXT 2007"]
[Source "ChessBase"]
[SourceDate "2006.11.23"]
[SourceVersion "1"]
[SourceVersionDate "2006.11.23"]
[SourceQuality "1"]

1. e4 c5 2. Nf3 e6 3. c3 d5 4. e5 Nc6 5. d4 Bd7 6. a3 Rc8 7. Be2 Nge7 8. 0-0 Nf5 9. b4 cxd4 10. cxd4 Qb6 11. Be3 Be7 12. Qd3 f6 13. exf6 Bxf6 14. Rd1 0-0 15. Nc3 Nce7 16. Rac1 a6 17. Bg5 Ng6 18. Bxf6 Rxf6 19. Qd2 Qd6 20. Bd3 Rcf8 21. Ne2 Nfe7 22. Qc2 e5 23. dxe5 Nxe5 24. Nxe5 Qxe5 25. Qc7 Qxc7 26. Rxc7 Ba4 27. Rf1 Nc6 28. Nc3 Bb3 29. Rxb7 Ne5 30. Be2 Rc8 31. Nd1 d4 32. f4 Nc4 33. Rf3 Bc2 34. Rd7 d3 35. Rdxd3 Bxd3 36. Bxd3 Nxa3 37. Kf2 Nc2 38. b5 Nd4 39. bxa6 Nxf3 40. Kxf3 Rd6 41. Be2 Rc1 42. Ne3 Rc3 43. f5 Kf8 44. Ke4 Rc8 45. Ng4 Rc2 46. Ke3 Ra2 47. Nf2 Rdd2 0-1